[Event "Eastern Asia-ch U16 Girls"]
[Site "Tornelo INT"]
[Date "2021.10.24"]
[Round "9"]
[White "Ratnapriya, K."]
[Black "Ngo, Xuan Quynh"]
[Result "1-0"]
[WhiteElo "1587"]
[BlackElo "1581"]
[PlyCount "63"]
[EventDate "2021.10.22"]
[EventType "swiss"]
[EventRounds "9"]
[EventCountry "NET"]
[SourceTitle "EXT 2023"]
[Source "ChessBase"]
[SourceDate "2022.10.05"]
[SourceVersion "1"]
[SourceVersionDate "2022.10.05"]
[SourceQuality "1"]

1. e4 c5 2. Nf3 e6 3. d4 cxd4 4. Nxd4 Nc6 5. Nc3 Bb4 6. Be3 Nf6 7. Bd3 d5 8. Nxc6 bxc6 9. exd5 Nxd5 10. Bd2 Nxc3 11. Bxc3 Bxc3+ 12. bxc3 Bd7 13. 0-0 Qf6 14. c4 Rd8 15. Qh5 h6 16. Qc5 h5 17. Be4 Rc8 18. Rad1 Qe7 19. Qxa7 f5 20. Bf3 g5 21. Rd3 g4 22. Rfd1 Rh7 23. Rxd7 Qxd7 24. Rxd7 Rxd7 25. Qa6 Rb8 26. h3 gxf3 27. Qxc6 Rb1+ 28. Kh2 Ke7 29. Qxf3 Rb2 30. Qa3+ Kf7 31. Qxb2 h4 32. a4 1-0

[Event "Eastern Asia-ch U16 Girls"]
[Site "Tornelo INT"]
[Date "2021.10.22"]
[Round "2"]
[White "Poorvi, Rajpoot"]
[Black "Ratnapriya, K."]
[Result "0-1"]
[WhiteElo "1230"]
[BlackElo "1587"]
[PlyCount "76"]
[EventDate "2021.10.22"]
[EventType "swiss"]
[EventRounds "9"]
[EventCountry "NET"]
[SourceTitle "EXT 2023"]
[Source "ChessBase"]
[SourceDate "2022.10.05"]
[SourceVersion "1"]
[SourceVersionDate "2022.10.05"]
[SourceQuality "1"]

1. e4 e5 2. Nf3 Nc6 3. Bc4 Nf6 4. Ng5 d5 5. exd5 Na5 6. Bb5+ c6 7. dxc6 bxc6 8. Bd3 h6 9. Ne4 Nxe4 10. Bxe4 Bc5 11. c3 Bxf2+ 12. Kxf2 Qh4+ 13. g3 Qxe4 14. Re1 Qf5+ 15. Qf3 Qxf3+ 16. Kxf3 f6 17. d4 0-0 18. dxe5 fxe5+ 19. Kg2 Re8 20. Nd2 Bb7 21. Kg1 c5 22. b4 cxb4 23. cxb4 Nc6 24. Nc4 Nd4 25. Nd6 Nf3+ 26. Kf2 Nxe1 27. Nxe8 Nd3+ 28. Ke3 Ne1 29. Nc7 Rc8 30. Ke2 Nc2 31. Rb1 Rxc7 32. a3 Nd4+ 33. Ke3 Rc3+ 34. Kd2 Rc2+ 35. Kd1 Bf3+ 36. Ke1 Re2+ 37. Kf1 Bg2+ 38. Kg1 Nf3# 0-1

[Event "Western Asia-ch U12 Girls"]
[Site "Delhi"]
[Date "2019.09.09"]
[Round "7"]
[White "Tejaswini, G."]
[Black "Ratnapriya, K."]
[Result "1-0"]
[WhiteElo "1553"]
[BlackElo "1482"]
[PlyCount "113"]
[EventDate "2019.09.06"]
[EventType "swiss"]
[EventRounds "9"]
[EventCountry "IND"]
[SourceTitle "CBM 192 Extra"]
[Source "Chessbase"]
[SourceDate "2019.11.06"]
[SourceVersion "1"]
[SourceVersionDate "2019.11.06"]
[SourceQuality "1"]

1. e4 e5 2. Nf3 Nc6 3. Bc4 Nf6 4. d3 Be7 5. c3 0-0 6. Bb3 d5 7. Qe2 Bg4 8. Nbd2 Kh8 9. Nf1 Qd7 10. Ng3 Rae8 11. 0-0 Bd8 12. Bg5 Na5 13. Bc2 h6 14. Be3 Nc6 15. h3 Be6 16. Rad1 Qc8 17. Bc1 a6 18. Nh4 Ne7 19. f4 exf4 20. Bxf4 Ng6 21. Nxg6+ fxg6 22. e5 Ng8 23. d4 Ne7 24. Be3 Nf5 25. Nxf5 Bxf5 26. Bxf5 Rxf5 27. Rxf5 Qxf5 28. Rf1 Qe6 29. b3 c5 30. Qf3 Be7 31. dxc5 Qxe5 32. Bd4 Qe6 33. Qf7 Qxf7 34. Rxf7 a5 35. Kf1 Bh4 36. g3 Bxg3 37. Rxg7 Re1+ 38. Kg2 Be5 39. Re7 Bxd4 40. Rxe1 Bxc3 41. Re8+ Kg7 42. Re7+ Kf6 43. Rxb7 Bb4 44. c6 Ke6 45. Rh7 Bd6 46. c7 Bxc7 47. Rxc7 Ke5 48. Kf3 Kd4 49. a3 Kd3 50. b4 axb4 51. axb4 d4 52. b5 Kd2 53. b6 d3 54. b7 Kd1 55. b8Q Kd2 56. Qb2+ Ke1 57. Rc1# 1-0

[Event "IND-ch U13 Girls 33rd"]
[Site "Visakhapatnam"]
[Date "2019.05.06"]
[Round "4"]
[White "Velpula, Sarayu"]
[Black "Ratnapriya, K."]
[Result "1-0"]
[WhiteElo "1768"]
[BlackElo "1548"]
[PlyCount "189"]
[EventDate "2019.05.04"]
[EventType "swiss"]
[EventRounds "11"]
[EventCountry "IND"]
[SourceTitle "CBM 190 Extra"]
[Source "ChessBase"]
[SourceDate "2019.07.15"]
[SourceVersion "1"]
[SourceVersionDate "2019.07.15"]
[SourceQuality "1"]

1. d4 Nf6 2. Nf3 e6 3. Bf4 c5 4. e3 Qb6 5. Nc3 d6 6. dxc5 Qxc5 7. Nd2 Be7 8. Be2 0-0 9. 0-0 Rd8 10. Nb3 Qb6 11. a4 a5 12. e4 Na6 13. Be3 Nc5 14. Bf3 Nfd7 15. Nb5 Ne5 16. Be2 Qc6 17. f3 b6 18. N3d4 Qb7 19. c3 Nc6 20. Nxc6 Qxc6 21. Qc2 Ba6 22. Rfd1 Rdc8 23. Rd2 h6 24. Rad1 Rd8 25. Bf1 Bxb5 26. Bxb5 Qc7 27. Bf4 Rac8 28. Be3 Bf8 29. Bf2 Be7 30. Bg3 e5 31. Rd5 Ne6 32. Bf2 Nf4 33. R5d2 Bg5 34. Qb3 Nxg2 35. Kxg2 Bxd2 36. Rxd2 Kh8 37. Qd5 Kg8 38. Bh4 g5 39. Bf2 Rb8 40. Rd1 Kg7 41. Kh1 Qe7 42. Rg1 Qf6 43. Be2 Kf8 44. Be3 Ke7 45. b3 Qe6 46. Bc4 Qxd5 47. Bxd5 b5 48. axb5 Rxb5 49. Kg2 a4 50. bxa4 Rb2+ 51. Kg3 Re2 52. Bb6 Rb8 53. a5 Rc2 54. c4 h5 55. Ra1 Re2 56. Rb1 Rc2 57. a6 Rg8 58. a7 h4+ 59. Kh3 Ra2 60. c5 Ra3 61. cxd6+ Kxd6 62. a8Q Rgxa8 63. Bxa8 Rxa8 64. Kg4 Ra2 65. Bg1 Ra3 66. Rc1 Rd3 67. Rf1 f6 68. Kf5 Ke7 69. Bc5+ Kf7 70. Bb4 Rb3 71. Ba5 Rd3 72. Bb4 Rb3 73. Bd2 Rd3 74. Rf2 Rd8 75. Be3 Rd3 76. Bxg5 fxg5 77. Kxg5 Kg7 78. Kf5 Kf7 79. Kxe5 Ke7 80. Kf5 Ra3 81. Kg4 Kf6 82. Kxh4 Ra8 83. f4 Rh8+ 84. Kg4 Rg8+ 85. Kf3 Ke6 86. h4 Rh8 87. Rh2 Kf6 88. h5 Rh6 89. Kg4 Rh8 90. h6 Rh7 91. e5+ Ke6 92. Kg5 Kd5 93. Kg6 Rh8 94. h7 Ra8 95. h8Q 1-0

[Event "Mumbai Wealth rating op 4th"]
[Site "Mumbai"]
[Date "2019.01.01"]
[Round "3"]
[White "Arhan, Chethan Anand"]
[Black "Ratnapriya, K."]
[Result "1/2-1/2"]
[WhiteElo "1710"]
[BlackElo "1516"]
[PlyCount "161"]
[EventDate "2018.12.30"]
[EventType "swiss"]
[EventRounds "9"]
[EventCountry "IND"]
[SourceTitle "CBM 188 Extra"]
[Source "ChessBase"]
[SourceDate "2019.02.26"]
[SourceVersion "1"]
[SourceVersionDate "2019.02.26"]
[SourceQuality "1"]

1. d4 Nf6 2. c4 e6 3. Nc3 Bb4 4. Qc2 0-0 5. a3 Bxc3+ 6. Qxc3 b6 7. Bg5 Bb7 8. e3 h6 9. Bh4 d6 10. Nf3 g5 11. Bg3 Ne4 12. Qc2 f5 13. Bd3 Nd7 14. 0-0-0 Qf6 15. Kb1 e5 16. Ne1 exd4 17. exd4 c5 18. d5 Nxg3 19. hxg3 Ne5 20. Be2 Bc8 21. f4 Ng4 22. Rc1 Nf2 23. Rf1 Ne4 24. Rf3 g4 25. Re3 Qd4 26. Qd3 Nd2+ 27. Ka2 Bd7 28. Rd1 Qxd3 29. Bxd3 Rae8 30. Nc2 Ne4 31. Bxe4 fxe4 32. Rde1 Bf5 33. Rc3 h5 34. Ne3 Bg6 35. Rh1 Kg7 36. Rcc1 Kg8 37. Rc3 Kg7 38. Rcc1 Rh8 39. Rcf1 Kf6 40. Kb3 Bf5 41. Kc3 Kg6 42. Rh4 Rh7 43. Rfh1 Reh8 44. Kd2 Kf6 45. a4 Bd7 46. b3 Bf5 47. Nd1 Kg6 48. Ke3 a6 49. Nc3 Rb7 50. Ra1 Rbh7 51. Rah1 Rb7 52. Ra1 Rhb8 53. Rhh1 Re7 54. Rab1 Reb7 55. Ra1 Re7 56. Rhb1 Reb7 57. b4 Bd7 58. b5 a5 59. Rh1 Bf5 60. Rh4 Rh7 61. Rah1 Re8 62. Ra1 Rb8 63. Rah1 Re8 64. Re1 Rhe7 65. Nd1 Rh7 66. Nc3 Rhe7 67. Nd1 Rh7 68. Kd2 Rhe7 69. Ne3 Rh7 70. Reh1 Reh8 71. Nxf5 Kxf5 72. Ke3 Rh6 73. R1h2 R6h7 74. Rh1 Rh6 75. Rc1 R6h7 76. Rch1 Rh6 77. R1h2 R6h7 78. Rh1 Rh6 79. R1h2 R6h7 80. Rh1 Rh6 81. R1h2 1/2-1/2

[Event "Mumbai Wealth op U13 4th"]
[Site "Mumbai"]
[Date "2019.01.01"]
[Round "3"]
[White "Manish, Kumar7777"]
[Black "Ratnapriya, K."]
[Result "1/2-1/2"]
[WhiteElo "1927"]
[BlackElo "1516"]
[PlyCount "86"]
[EventDate "2018.12.30"]
[EventType "swiss"]
[EventRounds "9"]
[EventCountry "IND"]
[SourceTitle "CBM 188 Extra"]
[Source "ChessBase"]
[SourceDate "2019.02.26"]
[SourceVersion "1"]
[SourceVersionDate "2019.02.26"]
[SourceQuality "1"]

1. e4 e5 2. Nf3 Nc6 3. Bb5 a6 4. Ba4 Nf6 5. 0-0 Be7 6. Re1 b5 7. Bb3 0-0 8. h3 d6 9. c3 Nb8 10. d4 Nbd7 11. Nbd2 Bb7 12. Bc2 Re8 13. Nf1 Bf8 14. Ng3 g6 15. b3 c6 16. Bb2 Bg7 17. Qd2 Qc7 18. Rad1 Rad8 19. dxe5 Nxe5 20. Nxe5 dxe5 21. Qe2 c5 22. Bc1 Qa5 23. Rxd8 Rxd8 24. Bb1 h5 25. Qf3 Nh7 26. Nf1 Qb6 27. Rd1 Rxd1 28. Qxd1 Bf8 29. Be3 Qd6 30. Qxd6 Bxd6 31. Nd2 Nf6 32. Bd3 Kf8 33. f3 Ke8 34. Kf2 Kd7 35. g4 Ke6 36. Kg3 Be7 37. Be2 hxg4 38. hxg4 Nh7 39. Bd3 g5 40. Kf2 f6 41. Nf1 Nf8 42. Ng3 Nd7 43. Nf5 Bf8 1/2-1/2

[Event "IND-ch U11 Girls"]
[Site "Sivagangai Tamilnadu"]
[Date "2018.07.31"]
[Round "5.3"]
[White "Sneha, Halder"]
[Black "Ratnapriya, K."]
[Result "0-1"]
[WhiteElo "1253"]
[BlackElo "1465"]
[PlyCount "114"]
[EventDate "2018.07.28"]
[EventType "swiss"]
[EventRounds "11"]
[EventCountry "IND"]
[SourceTitle "EXT 2024"]
[Source "ChessBase"]
[SourceDate "2023.10.10"]
[SourceVersion "1"]
[SourceVersionDate "2023.10.10"]
[SourceQuality "1"]

1. Nc3 e5 2. Nf3 Nc6 3. e4 Nf6 4. Bc4 Nxe4 5. Bxf7+ Kxf7 6. Nxe4 Be7 7. Nfg5+ Bxg5 8. Qh5+ g6 9. Qxg5 Qxg5 10. Nxg5+ Kg7 11. 0-0 d5 12. b3 Bf5 13. d3 Rhe8 14. Bb2 d4 15. a3 Rad8 16. Rae1 h6 17. Ne4 g5 18. b4 b6 19. b5 Na5 20. h4 Bxe4 21. Rxe4 Rd5 22. a4 Nb7 23. hxg5 hxg5 24. Rg4 Kh6 25. g3 Kh5 26. f3 Nd6 27. Kg2 Rc5 28. Rf2 Rf8 29. Ba3 Rd5 30. Bc1 Rf5 31. Ba3 Ne8 32. Re4 Kg6 33. Re1 Nd6 34. Rh1 Nf7 35. g4 Rf6 36. Rh5 c6 37. bxc6 Rxc6 38. Bb4 a5 39. Ba3 b5 40. Rh1 b4 41. Bb2 Rdc5 42. Rc1 Nd8 43. Kf1 Ne6 44. Ke2 Rxc2+ 45. Rxc2 Rxc2+ 46. Ke1 Rxf2 47. Kxf2 Nf4 48. Ba1 b3 49. Ke1 b2 50. Bxb2 Nxd3+ 51. Ke2 Nxb2 52. Kd2 Nxa4 53. Kc2 Nc5 54. Kd2 a4 55. f4 gxf4 56. g5 a3 57. Kc2 d3+ 0-1

[Event "Commonwealth-ch U12 Girls"]
[Site "New Delhi"]
[Date "2018.06.29"]
[Round "4"]
[White "Kriti, Mayur Patel"]
[Black "Ratnapriya, K."]
[Result "1-0"]
[WhiteElo "1339"]
[BlackElo "1488"]
[PlyCount "154"]
[EventDate "2018.06.26"]
[EventType "swiss"]
[EventRounds "7"]
[EventCountry "IND"]
[SourceTitle "EXT 2019"]
[Source "ChessBase"]
[SourceDate "2018.10.10"]
[SourceVersion "1"]
[SourceVersionDate "2018.10.10"]
[SourceQuality "1"]

1. e4 e5 2. Nf3 Nc6 3. Bc4 Nf6 4. d3 Be7 5. 0-0 0-0 6. Re1 d6 7. a4 Na5 8. Ba2 c5 9. Nbd2 Bg4 10. h3 Bh5 11. Nf1 Nc6 12. c3 a6 13. Ng3 Bg6 14. Nh4 Re8 15. Nhf5 b5 16. Bd2 b4 17. Bc4 Qb6 18. h4 Bf8 19. h5 Bxf5 20. Nxf5 Na5 21. cxb4 cxb4 22. Be3 Qb8 23. Qf3 Nxc4 24. dxc4 Qc8 25. h6 gxh6 26. Nxh6+ Bxh6 27. Bxh6 Qe6 28. a5 Nd7 29. Qg3+ Qg6 30. Qxg6+ hxg6 31. Rad1 Re6 32. Be3 Rc8 33. b3 Nc5 34. Bxc5 Rxc5 35. Rd5 Kg7 36. Red1 Rc6 37. f3 Kf6 38. Kf2 Ke7 39. Ke3 g5 40. Rh1 Rc8 41. Kd3 g4 42. fxg4 Rg6 43. Rh4 Rcg8 44. c5 dxc5 45. Rxe5+ Kd6 46. Rd5+ Ke6 47. Rxc5 Rxg4 48. Rh6+ Kd7 49. Rxa6 Rxg2 50. Ra7+ Kd6 51. Rd5+ Ke6 52. Ra6+ Ke7 53. Re5+ Kd7 54. Kc4 R8g3 55. Rf6 Rb2 56. Rxf7+ Kd6 57. Rh5 Rc3+ 58. Kb5 Re3 59. e5+ Rxe5+ 60. Rxe5 Kxe5 61. Kxb4 Ke6 62. Rc7 Kd6 63. Rc4 Ra2 64. Kb5 Kd5 65. Rc8 Rb2 66. b4 Ra2 67. a6 Kd6 68. Kb6 Kd7 69. Rc5 Kd8 70. a7 Kd7 71. b5 Kd6 72. Rc6+ Kd7 73. Kb7 Kd8 74. a8Q+ Rxa8 75. Kxa8 Kd7 76. Rc2 Kd6 77. b6 Kd5 1-0

[Event "Commonwealth-ch U12 Girls"]
[Site "New Delhi"]
[Date "2018.06.28"]
[Round "3"]
[White "Ratnapriya, K."]
[Black "Vishwa, Vasnawala"]
[Result "1/2-1/2"]
[WhiteElo "1488"]
[BlackElo "1758"]
[PlyCount "90"]
[EventDate "2018.06.26"]
[EventType "swiss"]
[EventRounds "7"]
[EventCountry "IND"]
[SourceTitle "EXT 2019"]
[Source "ChessBase"]
[SourceDate "2018.10.10"]
[SourceVersion "1"]
[SourceVersionDate "2018.10.10"]
[SourceQuality "1"]

1. e4 d5 2. exd5 Qxd5 3. Nc3 Qd6 4. d4 Nf6 5. Nf3 c6 6. Be2 Bg4 7. 0-0 Nbd7 8. Be3 e6 9. Re1 Qc7 10. h3 Bh5 11. a3 Bd6 12. b4 b5 13. Rb1 a5 14. Nd2 Bxe2 15. Qxe2 0-0 16. Nce4 axb4 17. axb4 Nd5 18. Nxd6 Qxd6 19. Ne4 Qc7 20. Qd3 Ra4 21. c3 Rfa8 22. Rb3 N5f6 23. Nxf6+ Nxf6 24. c4 Qb7 25. Rc1 Ra1 26. Rxa1 Rxa1+ 27. Kh2 h6 28. Rc3 Ra8 29. cxb5 Qxb5 30. Qxb5 cxb5 31. Rc5 Rb8 32. g4 Nd5 33. Bd2 Kf8 34. Kg3 Ke7 35. h4 Kd7 36. Bf4 Rb7 37. Bd2 Nc7 38. Kf3 Ne8 39. d5 exd5 40. Rxd5+ Ke6 41. Rd8 Ke7 42. Rd5 Ke6 43. Rd8 Ke7 44. Rd5 Nc7 45. Re5+ Ne6 1/2-1/2